Presidents of Burundi by Picture - Statistics

General Stats
  • This quiz has been taken 11 times
  • The average score is 9 of 11
Answer Stats
Picture Hint Answer % Correct
1994 Cyprien Ntaryamira
100%
1993 Melchior Ndadaye
100%
1993-1994 Sylvie Kinigi
89%
2003-2005 Domitien Ndayizeye
78%
2020-Present Évariste Ndayishimiye
78%
1976-1987 Jean-Baptiste Bagaza
78%
1966-1976 Michel Micombero
78%
1987-1993 | 1996-2003 Pierre Buyoya
78%
2005-2020 Pierre Nkurunziza
78%
1994-1996 Sylvestre Ntibantunganya
78%
1993 François Ngeze
67%
No matching quizzes found
Score Distribution
Percent of People with Each Score
Percentile by Number Answered
Your Score History
You have not taken this quiz